000 00409nam a22001577a 4500
005 20251108170007.0
008 250721s1993 xx 000 0 ara d
082 1 4 _aق/واد
100 1 _aوادي، طه
245 1 0 _aالكهف السحري /
264 1 _aالقاهرة :
_bمكتبة مصر،
_c1993.
300 _a264ص
650 1 7 _aالقصص العربية
942 _2ddc
_cBK
999 _c36865
_d36865